[Event "FIN-chT 1920"]
[Site "Finland"]
[Date "2019.09.15"]
[Round "2.3"]
[White "Kholopov, Evgeny"]
[Black "Ronka, Erik"]
[Result "0-1"]
[WhiteElo "2163"]
[BlackElo "2313"]
[PlyCount "124"]
[EventDate "2019.09.14"]
[EventType "team-tourn"]
[EventRounds "11"]
[EventCountry "FIN"]
[SourceTitle "EXT 2020"]
[Source "ChessBase"]
[SourceDate "2019.10.17"]
[SourceVersion "1"]
[SourceVersionDate "2019.10.17"]
[SourceQuality "1"]
[WhiteTeam "Kotka KymS"]
[BlackTeam "Vantaa EtVaS"]
[WhiteTeamCountry "FIN"]
[BlackTeamCountry "FIN"]

1. e4 c6 2. d3 d5 3. Nd2 e5 4. Ngf3 Bd6 5. g3 Nf6 6. Bg2 0-0 7. 0-0 Re8 8. Re1 Nbd7 9. Nf1 dxe4 10. dxe4 Nc5 11. Bg5 h6 12. Bxf6 Qxf6 13. N3d2 b5 14. Ne3 a5 15. Bf1 Bc7 16. c3 Bb6 17. Qc2 h5 18. Nb3 Ne6 19. a4 Ng5 20. Bg2 Nf3+ 21. Bxf3 Qxf3 22. Nd2 Qf6 23. axb5 cxb5 24. Ndf1 Bb7 25. Nd5 Bxd5 26. exd5 Rad8 27. Rad1 e4 28. Ne3 h4 29. Qe2 b4 30. c4 a4 31. Rd2 Bc5 32. Qg4 hxg3 33. hxg3 a3 34. bxa3 bxa3 35. Ree2 Bd4 36. Nd1 Qe5 37. Kg2 Rc8 38. Rc2 Bc5 39. Nc3 f5 40. Qf4 Qf6 41. g4 Bd4 42. Nd1 Re5 43. g5 Qb6 44. Ne3 Qc5 45. Rcd2 g6 46. d6 Qxd6 47. Rxd4 Qxd4 48. Rd2 Qc5 49. Nd5 Rxd5 50. Rxd5 Qe7 51. Qd2 e3 52. Qxe3 Qxe3 53. fxe3 Ra8 54. Rd1 a2 55. Ra1 Kf7 56. Kf3 Ke6 57. Ke2 Ke5 58. Kd3 Ra3+ 59. Kc2 Rxe3 60. Rxa2 Re2+ 61. Kb3 Rxa2 62. Kxa2 f4 0-1

[Event "FIN-chT 1920"]
[Site "Finland"]
[Date "2019.09.14"]
[Round "1.4"]
[White "Kholopov, Evgeny"]
[Black "Pulkkinen, Kari"]
[Result "0-1"]
[WhiteElo "2163"]
[BlackElo "2255"]
[PlyCount "134"]
[EventDate "2019.09.14"]
[EventType "team-tourn"]
[EventRounds "11"]
[EventCountry "FIN"]
[SourceTitle "EXT 2020"]
[Source "ChessBase"]
[SourceDate "2019.10.17"]
[SourceVersion "1"]
[SourceVersionDate "2019.10.17"]
[SourceQuality "1"]
[WhiteTeam "Kotka KymS"]
[BlackTeam "Helsinki Aatos"]
[WhiteTeamCountry "FIN"]
[BlackTeamCountry "FIN"]

1. e4 c5 2. Nc3 e6 3. f4 d5 4. Nf3 dxe4 5. Bb5+ Bd7 6. Bxd7+ Nxd7 7. Nxe4 Ngf6 8. d3 Be7 9. 0-0 0-0 10. Qe2 h6 11. c4 a6 12. b3 Qc7 13. Bb2 b5 14. f5 exf5 15. Ng3 Rfe8 16. Nxf5 Bf8 17. Qd2 Re6 18. Rae1 Rae8 19. Rxe6 Rxe6 20. Re1 Rxe1+ 21. Nxe1 Ng4 22. h3 Qh2+ 23. Kf1 Nge5 24. Qe3 Ng6 25. Kf2 Qc7 26. Nf3 Qd8 27. Nd2 Nf6 28. Ne4 Nxe4+ 29. Qxe4 Qa5 30. a3 Qd2+ 31. Qe2 Qg5 32. g4 h5 33. Qe3 Nf4 34. Kg3 h4+ 35. Kh2 Ne6 36. Bc1 Qd8 37. Qf3 g6 38. Nh6+ Bxh6 39. Bxh6 Qd4 40. g5 Nf4 41. Qa8+ Kh7 42. Qb7 Qf2+ 43. Kh1 Qf1+ 44. Kh2 Qxh3+ 45. Kg1 Qg3+ 46. Kh1 Qe1+ 47. Kh2 Qf2+ 48. Kh1 Nh5 49. Qg2 Qe1+ 50. Kh2 Nf4 51. Qf3 Qd2+ 52. Kh1 h3 53. Bf8 Qe1+ 54. Kh2 Qe5 55. Qe4 Qb2+ 56. Kh1 Qc1+ 57. Kh2 Qd2+ 58. Kh1 Nxd3 59. Qd5 Qe1+ 60. Kh2 Qf2+ 61. Kh1 Ne5 62. Bxc5 Qf1+ 63. Kh2 Ng4+ 64. Kg3 h2 65. Bf2 Qxf2+ 66. Kxg4 Qg1+ 67. Kf4 Qf1+ 0-1

[Event "FIN-chT 1819"]
[Site "Finland"]
[Date "2019.04.07"]
[Round "11.8"]
[White "Kholopov, Evgeny"]
[Black "Salonen, Mikko"]
[Result "1-0"]
[WhiteElo "2175"]
[BlackElo "2053"]
[PlyCount "67"]
[EventDate "2018.09.15"]
[EventType "team-tourn"]
[EventRounds "11"]
[EventCountry "FIN"]
[SourceTitle "CBM 189 Extra"]
[Source "ChessBase"]
[SourceDate "2019.06.03"]
[SourceVersion "1"]
[SourceVersionDate "2019.06.03"]
[SourceQuality "1"]
[WhiteTeam "Kotka KymS"]
[BlackTeam "Sastamala VammSK"]
[WhiteTeamCountry "FIN"]
[BlackTeamCountry "FIN"]

1. e4 e5 2. Nc3 Nf6 3. f4 d5 4. fxe5 Nxe4 5. d3 Nxc3 6. bxc3 c5 7. Nf3 Nc6 8. d4 Be7 9. Be2 0-0 10. 0-0 f6 11. exf6 Bxf6 12. Ba3 Be7 13. Bxc5 Bxc5 14. dxc5 Bg4 15. Nd4 Bd7 16. Bf3 Qg5 17. Qc1 Qe5 18. Re1 Qf6 19. Bxd5+ Kh8 20. Qd2 Rad8 21. Rad1 Bg4 22. Bf3 Bxf3 23. gxf3 Ne5 24. Qe3 Ng6 25. Qe6 Qg5+ 26. Qg4 Qxc5 27. Kh1 Qxc3 28. Ne6 Rxd1 29. Rxd1 Qxc2 30. Qd4 Ne5 31. Nxf8 Nxf3 32. Qd6 Qe4 33. Qd3 Qc6 34. Qxh7# 1-0

[Event "FIN-chT 1819"]
[Site "Finland"]
[Date "2019.02.09"]
[Round "7.6"]
[White "Valkama, Eero"]
[Black "Kholopov, Evgeny"]
[Result "1-0"]
[WhiteElo "2226"]
[BlackElo "2175"]
[PlyCount "111"]
[EventDate "2018.09.15"]
[EventType "team-tourn"]
[EventRounds "11"]
[EventCountry "FIN"]
[SourceTitle "EXT 2021"]
[Source "ChessBase"]
[SourceDate "2020.10.23"]
[SourceVersion "1"]
[SourceVersionDate "2020.10.23"]
[SourceQuality "1"]
[WhiteTeam "Salo SalSK"]
[BlackTeam "Kotka KymS"]
[WhiteTeamCountry "FIN"]
[BlackTeamCountry "FIN"]

1. e4 g6 2. d4 Bg7 3. Nc3 c6 4. h3 d6 5. Nge2 Nd7 6. g4 h5 7. g5 e6 8. d5 exd5 9. exd5 c5 10. Ne4 Qb6 11. Bd2 Ne7 12. Bc3 Ne5 13. Bg2 Nf5 14. N2g3 Nxg3 15. Nxg3 0-0 16. 0-0 Qd8 17. f4 Nc4 18. Bxg7 Kxg7 19. Qd3 b5 20. Ne4 Qa5 21. b3 Nb6 22. Nxd6 Rd8 23. Qe3 Rxd6 24. Qe5+ Kg8 25. Qxd6 Bf5 26. Qxc5 Rc8 27. Qd4 Rxc2 28. Rf2 Rc8 29. Re2 Nd7 30. Rae1 Nf8 31. Kh2 Bd7 32. Re7 Qa6 33. R1e2 Qd6 34. Qe5 Qb6 35. d6 Rc1 36. Qf6 Qg1+ 37. Kg3 h4+ 38. Kxh4 Be6 39. Qe5 Rd1 40. Re8 Qd4 41. Ra8 Qxd6 42. Qxd6 Rxd6 43. Rxa7 Rd3 44. Rf2 Nd7 45. Rf3 Rd2 46. Kg3 Nc5 47. Rc3 Nd3 48. Ra8+ Kg7 49. Rd8 Bf5 50. Rcxd3 Rxd3+ 51. Rxd3 Bxd3 52. a4 bxa4 53. bxa4 f6 54. Bb7 Kf7 55. a5 Ke6 56. a6 1-0

[Event "FIN-chT 1516"]
[Site "Finland"]
[Date "2016.03.13"]
[Round "11.5"]
[White "Niemi, Kalle"]
[Black "Kholopov, Evgeny"]
[Result "1-0"]
[WhiteElo "2310"]
[BlackElo "2215"]
[PlyCount "67"]
[EventDate "2015.09.12"]
[EventType "team-tourn"]
[EventRounds "11"]
[EventCountry "FIN"]
[SourceTitle "EXT 2017"]
[Source "ChessBase"]
[SourceDate "2016.10.25"]
[SourceVersion "1"]
[SourceVersionDate "2016.10.25"]
[SourceQuality "1"]
[WhiteTeam "Salo SalSK"]
[BlackTeam "Kotka KymS"]
[WhiteTeamCountry "FIN"]
[BlackTeamCountry "FIN"]

1. e4 g6 2. d4 Bg7 3. Nc3 d6 4. f4 Nc6 5. Bb5 a6 6. Bxc6+ bxc6 7. Nf3 Nf6 8. 0-0 0-0 9. e5 Nd5 10. Ne4 f5 11. Nf2 Nb6 12. Nd3 h6 13. Nh4 Kh7 14. Qf3 Qe8 15. b3 a5 16. a4 Ba6 17. c4 c5 18. dxc5 dxe5 19. Nxe5 Nd7 20. Nhxg6 Nxc5 21. Nxf8+ Qxf8 22. Be3 Ne4 23. Rad1 Bb7 24. Qh5 Ra6 25. Rd7 Nf6 26. Qxf5+ Kg8 27. Rxc7 Be4 28. Qc8 Ne8 29. Qxa6 Nxc7 30. Qxa5 Ne6 31. c5 Bxe5 32. fxe5 Qg7 33. Qd2 Qxe5 34. b4 1-0

[Event "FIN-chT 1516"]
[Site "Finland"]
[Date "2015.11.07"]
[Round "5.5"]
[White "Fieandt, John"]
[Black "Kholopov, Evgeny"]
[Result "1/2-1/2"]
[WhiteElo "2169"]
[BlackElo "2215"]
[PlyCount "106"]
[EventDate "2015.09.12"]
[EventType "team-tourn"]
[EventRounds "11"]
[EventCountry "FIN"]
[SourceTitle "EXT 2017"]
[Source "ChessBase"]
[SourceDate "2016.10.25"]
[SourceVersion "1"]
[SourceVersionDate "2016.10.25"]
[SourceQuality "1"]
[WhiteTeam "Helsinki HSK"]
[BlackTeam "Kotka KymS"]
[WhiteTeamCountry "FIN"]
[BlackTeamCountry "FIN"]

1. d4 Nf6 2. c4 g6 3. Nf3 Bg7 4. g3 0-0 5. Bg2 c5 6. d5 e6 7. Nc3 exd5 8. cxd5 d6 9. 0-0 Re8 10. Nd2 b6 11. a4 Ba6 12. Re1 c4 13. Nb5 Bxb5 14. axb5 c3 15. bxc3 Qc7 16. Qc2 Nbd7 17. Nb3 Ng4 18. Bb2 Rec8 19. h3 Nh6 20. Rec1 Nf5 21. c4 Nc5 22. Bxg7 Nxb3 23. Qxb3 Nxg7 24. Ra4 Qe7 25. e3 Rab8 26. Rca1 Rb7 27. R1a3 Ne8 28. Qa2 Rcc7 29. Qa1 h5 30. h4 f5 31. e4 fxe4 32. Bxe4 Qg7 33. Qb1 Kh7 34. Re3 Nf6 35. Bf3 Re7 36. Raa3 Rbc7 37. Qe1 Ng8 38. Qe2 Qd4 39. Rxe7+ Rxe7 40. Re3 Rxe3 41. Qxe3 Qxc4 42. Qe8 Qc7 43. Be4 Qg7 44. Qe6 Qf6 45. Qe8 Kg7 46. Kg2 Qf7 47. Qxf7+ Kxf7 48. Kf3 Kf6 49. Kf4 Nh6 50. f3 Nf7 51. Bd3 Ne5 52. Be4 Nf7 53. Bd3 Ne5 1/2-1/2

[Event "FIN-chT 1516"]
[Site "Finland"]
[Date "2015.10.10"]
[Round "3.4"]
[White "Kholopov, Evgeny"]
[Black "Wallin, Aleksi"]
[Result "1-0"]
[WhiteElo "2215"]
[BlackElo "2220"]
[PlyCount "67"]
[EventDate "2015.09.12"]
[EventType "team-tourn"]
[EventRounds "11"]
[EventCountry "FIN"]
[SourceTitle "EXT 2017"]
[Source "ChessBase"]
[SourceDate "2016.10.25"]
[SourceVersion "1"]
[SourceVersionDate "2016.10.25"]
[SourceQuality "1"]
[WhiteTeam "Kotka KymS"]
[BlackTeam "Oulu OSS"]
[WhiteTeamCountry "FIN"]
[BlackTeamCountry "FIN"]

1. e4 e5 2. Nc3 Nc6 3. f4 Bc5 4. Nf3 d6 5. Bb5 Nge7 6. f5 0-0 7. Bxc6 Nxc6 8. d3 a6 9. Nd5 Nd4 10. f6 gxf6 11. Nxd4 Bxd4 12. Bh6 Bxb2 13. Qf3 Kh8 14. Bxf8 Qxf8 15. Rb1 Bd4 16. Qxf6+ Qg7 17. Qxg7+ Kxg7 18. Nxc7 Ra7 19. Ne8+ Kf8 20. Nxd6 Be6 21. Rxb7 Bc3+ 22. Ke2 Rxb7 23. Nxb7 Bxa2 24. Nc5 a5 25. Na4 Bb4 26. Ra1 Be6 27. c3 Bd6 28. Nb6 Bc7 29. Nc4 Bxc4 30. dxc4 Ke7 31. c5 Ke6 32. Kd3 f5 33. exf5+ Kxf5 34. Rf1+ 1-0

[Event "FIN-chT1B 1415"]
[Site "Finland"]
[Date "2015.01.10"]
[Round "5.7"]
[White "Kholopov, Evgeny"]
[Black "Suominen, Antti"]
[Result "1-0"]
[WhiteElo "2141"]
[BlackElo "2021"]
[PlyCount "55"]
[EventDate "2014.09.27"]
[EventType "team-tourn"]
[EventRounds "7"]
[EventCountry "FIN"]
[SourceTitle "EXT 2017"]
[Source "ChessBase"]
[SourceDate "2016.10.25"]
[SourceVersion "1"]
[SourceVersionDate "2016.10.25"]
[SourceQuality "1"]
[WhiteTeam "Kotka KymS"]
[BlackTeam "Helsinki KSK"]
[WhiteTeamCountry "FIN"]
[BlackTeamCountry "FIN"]

1. e4 c5 2. Nc3 Nc6 3. f4 g6 4. Nf3 Bg7 5. Bc4 e6 6. f5 Nge7 7. fxe6 fxe6 8. 0-0 0-0 9. a4 d5 10. Bb3 b6 11. d3 Nd4 12. Ba2 h6 13. exd5 exd5 14. Nxd4 Bxd4+ 15. Kh1 Rxf1+ 16. Qxf1 Bg7 17. Bd2 Bb7 18. Re1 Nf5 19. Qf3 Nd4 20. Qe4 Nxc2 21. Nxd5 Nxe1 22. Nf4+ Kh7 23. Qxg6+ Kh8 24. Bc3 Qd4 25. Bxd4 cxd4 26. Qf5 Nxg2 27. Ng6+ Kh7 28. Nf8+ 1-0

[Event "FIN-chT1B 1415"]
[Site "Finland"]
[Date "2014.11.16"]
[Round "4.6"]
[White "Kholopov, Evgeny"]
[Black "Valkama, Samuli"]
[Result "1-0"]
[WhiteElo "2141"]
[BlackElo "1923"]
[PlyCount "113"]
[EventDate "2014.09.27"]
[EventType "team-tourn"]
[EventRounds "7"]
[EventCountry "FIN"]
[SourceTitle "EXT 2017"]
[Source "ChessBase"]
[SourceDate "2016.10.25"]
[SourceVersion "1"]
[SourceVersionDate "2016.10.25"]
[SourceQuality "1"]
[WhiteTeam "Kotka KymS"]
[BlackTeam "Lahti S"]
[WhiteTeamCountry "FIN"]
[BlackTeamCountry "FIN"]

1. e4 Nf6 2. Nc3 d6 3. d4 Nbd7 4. f4 e6 5. e5 Nd5 6. Nxd5 exd5 7. Qf3 Nb6 8. Bd3 g6 9. Ne2 Bd7 10. 0-0 f5 11. exf6 Qxf6 12. f5 gxf5 13. a4 a5 14. Bd2 0-0-0 15. Bxa5 Nc4 16. Bxc4 dxc4 17. d5 Rg8 18. Bc3 Qg5 19. Nd4 f4 20. Ne6 Bxe6 21. dxe6 d5 22. a5 Bc5+ 23. Kh1 Rd6 24. a6 bxa6 25. Rfe1 Be3 26. g3 Re8 27. gxf4 Bxf4 28. Rf1 Be3 29. Bf6 Qh6 30. e7 Qxf6 31. Qxf6 Rxf6 32. Rxf6 Rxe7 33. Rfxa6 d4 34. Rd1 Rg7 35. Rc6 d3 36. Rxc4 d2 37. Rc3 Bd4 38. Rd3 Bxb2 39. R3xd2 Be5 40. Rd8+ Kb7 41. R8d7 Rg6 42. Rxh7 Bd6 43. h4 Kc6 44. h5 Rg3 45. Rd3 Rg4 46. Rh3 Rd4 47. Rf7 Rd1+ 48. Kg2 Bc5 49. Rc3 Rg1+ 50. Kh3 Kb6 51. Rg3 Rc1 52. Rg2 Bd6 53. Kg4 Re1 54. h6 Rh1 55. h7 Kc5 56. Kf5 Kd4 57. Rg8 1-0